| 000 | 01295nam a2200361 c 4500 | ||
|---|---|---|---|
| 999 |
_c160541 _d160541 |
||
| 003 | BLK | ||
| 005 | 20220712141617.0 | ||
| 008 | 180410b bul|||||r ||||||| ||bul|| | ||
| 010 | _aKNG00167763000 | ||
| 040 | _aBLK | ||
| 041 |
_aBUL _cBUL |
||
| 072 | 7 |
_2bullib _aК _xКраезнание |
|
| 080 |
_aБългарска литература _b821.163.2 _x-311.6 _z821.163.2-311.6 |
||
| 100 | 1 |
_aМантов, Димитър Стефанов _eпърви автор _9379725 |
|
| 139 |
_aМантов, Димитър Стефанов _bМ 28 |
||
| 245 | 1 | 0 |
_aИван Асен II - цар и самодържец _bРоман _cДимитър Стефанов Мантов. |
| 250 | _a2. прераб. изд. | ||
| 257 | _aBGR | ||
| 260 |
_bОФ _c1970 _aСофия |
||
| 300 |
_a296 с. _c25 см |
||
| 380 | _aX | ||
| 500 | _a20 000 тир. | ||
| 600 | 1 | 4 |
_aИван Асен II, цар _9305757 |
| 650 | 4 |
_aИван Асен ІІ, цар _9334910 |
|
| 653 | _aИван Асен II | ||
| 653 | _aисторически романи | ||
| 659 | _aК | ||
| 852 | _aЦб 53137 | ||
| 852 | _aК 821.163.2/М 28 Д | ||
| 856 | 4 | _qpdf | |
| 856 | 4 | _qpdf | |
| 942 |
_cKNG _n0 _s1 |
||
| 944 |
_aCR _c27.11.2014 _l27.11.2014 - от С1,Р / 27.11.2014 _kНора_Радева |
||
| 944 |
_aED _c11.09.2017 _l27.11.2014 - от С1,Р / 27.11.2014 _kВася_Ганчева |
||
| 999 | _d160541 | ||
| 999 | _d160541 | ||